000 00435nam a2200169 i 4500
001 bg
100 1 _aROSS, C.T.F.
245 0 _aFinite element programs for axisymmetric problems in engineering /
_cC.T.F. Ross.
260 _aNew York :
_bEllis Horwood,
_c1982.
020 _a0853127107
040 _cBPK
041 _apol
080 _a624
920 _a0-85312-710-7
942 _cKS
008 s pl f |000 0 pol
999 _c23375
_d23375
856 _uhttp://koha.tu.koszalin.pl/cgi-bin/koha/opac-detail.pl?biblionumber=23375
_yKatalog online BPK